[Event "DSJ Weihnachtsturnier U16: Steinitz 2020"]
[Site ""]
[Date "2020.12.28"]
[Round "2"]
[White "Nönnig, Jakob"]
[Black "Laucht, Philipp"]
[Result "0-1"]
[Termination "normal"]
[Board "6.4"]
[WhiteElo "1442"]
[BlackElo "1481"]
[WhiteTeam "Schachzwerge Magdeburg"]
[BlackTeam "SK Johanneum Eppendorf"]
[PlyCount "140"]
[WhiteFideId "16289447"]
[BlackFideId "16244869"]
[EventRounds "7"]
[EventType "team-swiss"]
[EventDate "2020.12.28"]

1. e4 {[%emt 0:00:02]} c5 {[%emt 0:00:10]} 2. Nf3 {[%emt 0:00:02]} d6 {[%emt
0:00:02]} 3. d4 {[%emt 0:00:02]} cxd4 {[%emt 0:00:08]} 4. Nxd4 {[%emt 0:00:01]}
Nf6 {[%emt 0:00:03]} 5. Nc3 {[%emt 0:00:02]} a6 {[%emt 0:00:06]} 6. f3 { [%emt
0:00:21]} e6 {[%emt 0:00:05]} 7. Be3 {[%emt 0:00:05]} b5 {[%emt 0:00:02]} 8. g4
{[%emt 0:00:04]} Bb7 {[%emt 0:00:05]} 9. h4 {[%emt 0:00:03]} Nfd7 { [%emt
0:00:03]} 10. Qd2 {[%emt 0:00:13]} Nb6 {[%emt 0:00:04]} 11. b3 {[%emt 0:00:11]}
N8d7 {[%emt 0:00:06]} 12. g5 {[%emt 0:00:15]} d5 {[%emt 0:00:09]} 13. Bd3
{[%emt 0:00:21]} Rc8 {[%emt 0:00:13]} 14. a3 {[%emt 0:00:17]} b4 {[%emt
0:00:12]} 15. Nb1 {[%emt 0:00:16]} bxa3 {[%emt 0:00:37]} 16. Nxa3 {[%emt
0:00:03] } Qc7 {[%emt 0:00:34]} 17. Kf2 {[%emt 0:00:20]} Ne5 {[%emt 0:00:32]}
18. Bf4 { [%emt 0:01:41]} Nxd3+ {[%emt 0:00:45]} 19. cxd3 {[%emt 0:00:02]} Qc3
{[%emt 0:00:45]} 20. Qxc3 {[%emt 0:00:21]} Rxc3 {[%emt 0:00:04]} 21. Rhd1
{[%emt 0:00:06]} Bc5 {[%emt 0:00:08]} 22. Be3 {[%emt 0:00:05]} O-O {[%emt
0:00:23]} 23. Rac1 {[%emt 0:00:59]} Rxc1 {[%emt 0:00:09]} 24. Rxc1 {[%emt
0:00:19]} Bxa3 { [%emt 0:00:06]} 25. Rc7 {[%emt 0:00:15]} Rb8 {[%emt 0:00:18]}
26. Nc2 {[%emt 0:00:16]} Bd6 {[%emt 0:00:16]} 27. Rc3 {[%emt 0:00:18]} Nd7
{[%emt 0:00:09]} 28. b4 {[%emt 0:00:44]} Rc8 {[%emt 0:00:12]} 29. Rxc8+ {[%emt
0:00:04]} Bxc8 { [%emt 0:00:04]} 30. f4 {[%emt 0:00:23]} dxe4 {[%emt 0:00:09]}
31. dxe4 { [%emt 0:00:03]} f6 {[%emt 0:00:15] Magdebg3-004 offers a draw} 32.
Ke2 { [%emt 0:00:25]} Bb7 {[%emt 0:00:21]} 33. Kd3 {[%emt 0:00:05]} e5 {[%emt
0:00:15]} 34. f5 {[%emt 0:00:12]} fxg5 {[%emt 0:00:06]} 35. hxg5 {[%emt
0:00:06]} g6 {[%emt 0:00:05]} 36. f6 {[%emt 0:00:09]} Kf7 {[%emt 0:00:02]} 37.
Bd2 {[%emt 0:00:09]} h6 {[%emt 0:00:24]} 38. gxh6 {[%emt 0:00:06]} Nxf6 {[%emt
0:00:03]} 39. Ke3 {[%emt 0:00:34]} Bf8 {[%emt 0:00:13]} 40. Ke2 {[%emt
0:00:10]} Nxe4 { [%emt 0:00:07]} 41. h7 {[%emt 0:00:07]} Kg7 {[%emt 0:00:02]}
42. Bc1 {[%emt 0:00:04]} Kxh7 {[%emt 0:00:06]} 43. Bb2 {[%emt 0:00:03]} Bd6
{[%emt 0:00:10]} 44. Ke3 {[%emt 0:00:02]} Nf6 {[%emt 0:00:06]} 45. Kf2 {[%emt
0:00:12]} Nd5 { [%emt 0:00:05]} 46. Ba3 {[%emt 0:00:08]} g5 {[%emt 0:00:05]}
47. Kf3 {[%emt 0:00:05]} Kg6 {[%emt 0:00:02]} 48. Kg4 {[%emt 0:00:03]} Bc8+
{[%emt 0:00:05]} 49. Kf3 {[%emt 0:00:03]} Kf5 {[%emt 0:00:04]} 50. Ne3+ {[%emt
0:00:04]} Nxe3 { [%emt 0:00:04]} 51. Kxe3 {[%emt 0:00:00]} a5 {[%emt 0:00:07]}
52. Kf3 {[%emt 0:00:07]} axb4 {[%emt 0:00:02]} 53. Bb2 {[%emt 0:00:04]} g4+
{[%emt 0:00:04]} 54. Kg2 {[%emt 0:00:04]} Bb7+ {[%emt 0:00:02]} 55. Kf2 {[%emt
0:00:03]} Kf4 { [%emt 0:00:02]} 56. Bc1+ {[%emt 0:00:02]} Ke4 {[%emt 0:00:04]}
57. Bb2 { [%emt 0:00:02]} Kf5 {[%emt 0:00:11]} 58. Ke3 {[%emt 0:00:02]} b3
{[%emt 0:00:05]} 59. Kf2 {[%emt 0:00:03]} Bc5+ {[%emt 0:00:02]} 60. Kg3 {[%emt
0:00:02]} e4 {[%emt 0:00:03]} 61. Bc3 {[%emt 0:00:03]} Bd6+ {[%emt 0:00:08]}
62. Kf2 { [%emt 0:00:03]} g3+ {[%emt 0:00:02]} 63. Kg2 {[%emt 0:00:03]} e3+
{[%emt 0:00:04]} 64. Kf1 {[%emt 0:00:02]} Kf4 {[%emt 0:00:02]} 65. Bb2 {[%emt
0:00:06]} Kf3 {[%emt 0:00:05]} 66. Bc3 {[%emt 0:00:06]} g2+ {[%emt 0:00:12]}
67. Kg1 { [%emt 0:00:03]} e2 {[%emt 0:00:08]} 68. Bb4 {[%emt 0:00:08]} Bxb4
{[%emt 0:00:07]} 69. Kh2 {[%emt 0:00:02]} e1=Q {[%emt 0:00:07]} 70. Kh3 {[%emt
0:00:02]} Qg3# {[%emt 0:00:01]} 0-1

[Event "DSJ Weihnachtsturnier U16: Steinitz 2020"]
[Site ""]
[Date "2020.12.28"]
[Round "2"]
[White "Schön, Florian"]
[Black "Möller, Maurin"]
[Result "0-1"]
[Termination "normal"]
[Board "7.1"]
[WhiteElo "1642"]
[BlackElo "1627"]
[WhiteTeam "VfB Schach Leipzig"]
[BlackTeam "SK Blauer Springer Paderborn 1926"]
[PlyCount "48"]
[WhiteFideId "16259394"]
[BlackFideId "16265696"]
[EventRounds "7"]
[EventType "team-swiss"]
[EventDate "2020.12.28"]

1. e4 {[%emt 0:00:00]} e5 {[%emt 0:00:04]} 2. Nf3 {[%emt 0:00:03]} Nf6 { [%emt
0:00:03]} 3. Nxe5 {[%emt 0:00:07]} d6 {[%emt 0:00:03]} 4. Nf3 {[%emt 0:00:06]}
Nxe4 {[%emt 0:00:04]} 5. d3 {[%emt 0:00:02]} Nf6 {[%emt 0:00:01]} 6. d4 {[%emt
0:00:01]} d5 {[%emt 0:00:02]} 7. Bd3 {[%emt 0:00:04]} Bd6 {[%emt 0:00:03]} 8.
O-O {[%emt 0:00:03]} O-O {[%emt 0:00:03]} 9. c3 {[%emt 0:00:05]} Bg4 { [%emt
0:00:06]} 10. h3 {[%emt 0:00:03]} Bh5 {[%emt 0:00:05]} 11. Bg5 {[%emt 0:00:03]}
Nbd7 {[%emt 0:00:11]} 12. Nbd2 {[%emt 0:00:03]} c6 {[%emt 0:00:02]} 13. Re1
{[%emt 0:00:06]} Qc7 {[%emt 0:00:02]} 14. Qc2 {[%emt 0:00:03]} h6 {[%emt
0:00:05]} 15. Bh4 {[%emt 0:00:04]} g5 {[%emt 0:00:07]} 16. Nxg5 {[%emt
0:00:10]} hxg5 {[%emt 0:00:01]} 17. Bxg5 {[%emt 0:00:01]} Bf4 {[%emt 0:00:01]}
18. Bxf4 { [%emt 0:00:09]} Qxf4 {[%emt 0:00:00]} 19. g4 {[%emt 0:00:01]} Nxg4
{[%emt 0:00:57]} 20. hxg4 {[%emt 0:00:05]} Qxg4+ {[%emt 0:00:03]} 21. Kh2
{[%emt 0:00:22]} Qh4+ {[%emt 0:00:03]} 22. Kg2 {[%emt 0:00:03]} Kh8 {[%emt
0:00:02]} 23. Rh1 { [%emt 0:00:03]} Rg8+ {[%emt 0:00:03]} 24. Kf1 {[%emt
0:00:06]} Qxh1# {[%emt 0:00:01]} 0-1

[Event "DSJ Weihnachtsturnier U16: Steinitz 2020"]
[Site ""]
[Date "2020.12.28"]
[Round "2"]
[White "Klerx, Philipp"]
[Black "Willberg, Marek"]
[Result "0-1"]
[Termination "normal"]
[Board "7.4"]
[WhiteElo "1253"]
[BlackElo "1386"]
[WhiteTeam "SK Blauer Springer Paderborn 1926"]
[BlackTeam "VfB Schach Leipzig"]
[PlyCount "126"]
[WhiteFideId "34640274"]
[BlackFideId "16224027"]
[EventRounds "7"]
[EventType "team-swiss"]
[EventDate "2020.12.28"]

1. e4 {[%emt 0:00:07]} b6 {[%emt 0:00:15]} 2. d4 {[%emt 0:00:03]} Bb7 {[%emt
0:00:05]} 3. Nc3 {[%emt 0:00:02]} e6 {[%emt 0:00:12]} 4. Bf4 {[%emt 0:00:05]}
Bb4 {[%emt 0:00:17]} 5. a3 {[%emt 0:00:05]} Bxc3+ {[%emt 0:00:08]} 6. bxc3 {
[%emt 0:00:04]} Bxe4 {[%emt 0:00:02]} 7. Qg4 {[%emt 0:00:08]} Bg6 {[%emt
0:00:31]} 8. Nf3 {[%emt 0:00:19]} Nf6 {[%emt 0:00:23]} 9. Qg5 {[%emt 0:00:17]}
h6 { [%emt 0:00:36]} 10. Qe5 {[%emt 0:00:13] Paderb2-004 reconnected.} d6
{[%emt 0:01:02]} 11. Qb5+ {[%emt 0:00:03]} Qd7 {[%emt 0:00:06]} 12. Qxd7+
{[%emt 0:00:04]} Nbxd7 {[%emt 0:00:03]} 13. Bb5 {[%emt 0:00:02]} O-O {[%emt
0:00:03]} 14. O-O {[%emt 0:00:08]} Bxc2 {[%emt 0:00:07]} 15. Rac1 {[%emt
0:00:06]} Bg6 { [%emt 0:00:03]} 16. Nh4 {[%emt 0:00:05]} Bh7 {[%emt 0:00:10]}
17. Rfe1 { [%emt 0:00:04]} g5 {[%emt 0:00:14] Paderb2-004 reconnected.} 18. Bg3
{[%emt 0:00:16]} gxh4 {[%emt 0:00:10]} 19. Bxh4 {[%emt 0:00:02]} a6 {[%emt
0:00:06]} 20. Bc4 {[%emt 0:00:28]} b5 {[%emt 0:00:14]} 21. Bb3 {[%emt 0:00:03]}
Rac8 { [%emt 0:00:15]} 22. Re3 {[%emt 0:00:09]} c5 {[%emt 0:00:12]} 23. dxc5
{[%emt 0:00:07]} Rxc5 {[%emt 0:00:07]} 24. Rg3+ {[%emt 0:00:04]} Kh8 {[%emt
0:00:03]} 25. c4 {[%emt 0:00:18]} bxc4 {[%emt 0:00:13]} 26. Rxc4 {[%emt
0:00:07] Paderb2-004 reconnected.} Rfc8 {[%emt 0:00:26]} 27. Rxc5 {[%emt
0:00:05]} Rxc5 {[%emt 0:00:03]} 28. h3 {[%emt 0:00:08]} d5 {[%emt 0:00:18]} 29.
Rf3 {[%emt 0:00:09] Paderb2-004 reconnected.} Kg7 {[%emt 0:00:09]} 30. Rg3+
{[%emt 0:00:07]} Bg6 {[%emt 0:00:02]} 31. f4 {[%emt 0:00:17]} Ne4 {[%emt
0:00:21]} 32. Re3 { [%emt 0:00:26]} h5 {[%emt 0:00:17]} 33. g4 {[%emt 0:00:24]}
hxg4 {[%emt 0:00:02]} 34. hxg4 {[%emt 0:00:02]} Rc3 {[%emt 0:00:08] Paderb2-004
reconnected.} 35. Rxc3 {[%emt 0:00:23]} Nxc3 {[%emt 0:00:02]} 36. Kf2 {[%emt
0:00:04]} Nc5 { [%emt 0:00:07]} 37. Bxd5 {[%emt 0:00:21]} Nxd5 {[%emt 0:00:03]}
38. Kf3 { [%emt 0:00:03]} Be4+ {[%emt 0:00:05]} 39. Kf2 {[%emt 0:00:08]} Nxf4
{[%emt 0:00:04]} 40. Ke3 {[%emt 0:00:03]} Ng2+ {[%emt 0:00:09]} 41. Kf2 {[%emt
0:00:01]} Nxh4 {[%emt 0:00:02]} 42. Kg3 {[%emt 0:00:01]} Ng6 {[%emt 0:00:07]}
43. Kf2 { [%emt 0:00:01]} Kf6 {[%emt 0:00:02]} 44. Ke3 {[%emt 0:00:02]} e5
{[%emt 0:00:05]} 45. Kd2 {[%emt 0:00:08]} Kg5 {[%emt 0:00:01]} 46. Kc3 {[%emt
0:00:01]} Kf4 {[%emt 0:00:02]} 47. Kc4 {[%emt 0:00:02]} Bf3 {[%emt 0:00:06]}
48. Kxc5 { [%emt 0:00:03]} e4 {[%emt 0:00:01]} 49. Kd4 {[%emt 0:00:01]} Kg3
{[%emt 0:00:05]} 50. Ke3 {[%emt 0:00:05]} Kg2 {[%emt 0:00:05]} 51. g5 {[%emt
0:00:02]} Ne5 {[%emt 0:00:06]} 52. a4 {[%emt 0:00:10]} Ng4+ {[%emt 0:00:02]}
53. Kd2 { [%emt 0:00:03]} e3+ {[%emt 0:00:02]} 54. Ke1 {[%emt 0:00:02]} Bc6
{[%emt 0:00:13]} 55. a5 {[%emt 0:00:04]} Kf3 {[%emt 0:00:09]} 56. g6 {[%emt
0:00:03]} fxg6 {[%emt 0:00:03]} 57. Kf1 {[%emt 0:00:04]} e2+ {[%emt 0:00:11]}
58. Ke1 { [%emt 0:00:01]} Bb5 {[%emt 0:00:03]} 59. Kd2 {[%emt 0:00:13]} Kf2
{[%emt 0:00:01]} 60. Kc3 {[%emt 0:00:02]} e1=Q+ {[%emt 0:00:01]} 61. Kd4 {[%emt
0:00:01]} Qe3+ {[%emt 0:00:04]} 62. Kd5 {[%emt 0:00:02]} Kf3 {[%emt 0:00:05]}
63. Kd6 { [%emt 0:00:03]} Qe5# {[%emt 0:00:03]} 0-1

[Event "DSJ Weihnachtsturnier U16: Steinitz 2020"]
[Site ""]
[Date "2020.12.28"]
[Round "2"]
[White "Duong, Quang Bach"]
[Black "Eilenberg, Jonas"]
[Result "0-1"]
[Termination "normal"]
[Board "8.1"]
[WhiteElo "1440"]
[BlackElo "2155"]
[WhiteTeam "SK Nürnberg 1911"]
[BlackTeam "SV Königsjäger Süd-West"]
[PlyCount "71"]
[WhiteFideId "16287045"]
[BlackFideId "16204271"]
[EventRounds "7"]
[EventType "team-swiss"]
[EventDate "2020.12.28"]

1. d4 {[%emt 0:00:22]} e6 {[%emt 0:00:01]} 2. c4 {[%emt 0:00:02]} d5 {[%emt
0:00:02]} 3. Nc3 {[%emt 0:00:01]} c6 {[%emt 0:00:04]} 4. e3 {[%emt 0:00:01]}
Nf6 {[%emt 0:00:02]} 5. Nf3 {[%emt 0:00:02]} Nbd7 {[%emt 0:00:02]} 6. Qc2
{[%emt 0:00:01]} Bd6 {[%emt 0:00:05]} 7. Bd3 {[%emt 0:00:01]} dxc4 {[%emt
0:00:03]} 8. Bxc4 {[%emt 0:00:01]} b5 {[%emt 0:00:01]} 9. Be2 {[%emt 0:00:02]}
Bb7 {[%emt 0:00:02]} 10. O-O {[%emt 0:00:02]} a6 {[%emt 0:00:05]} 11. e4 {[%emt
0:00:09]} e5 {[%emt 0:00:06]} 12. dxe5 {[%emt 0:00:31]} Nxe5 {[%emt 0:00:03]}
13. Nd4 { [%emt 0:00:01]} b4 {[%emt 0:00:39]} 14. Na4 {[%emt 0:00:39]} c5
{[%emt 0:03:25] } 15. Nf5 {[%emt 0:00:22]} Bxe4 {[%emt 0:00:07]} 16. Nxd6+
{[%emt 0:00:02]} Qxd6 {[%emt 0:00:03]} 17. Qxc5 {[%emt 0:00:01]} Qxc5 {[%emt
0:00:06]} 18. Nxc5 {[%emt 0:00:00]} O-O {[%emt 0:00:24]} 19. Bf4 {[%emt
0:00:51]} Ng6 {[%emt 0:00:22]} 20. Bg3 {[%emt 0:00:03]} Rfd8 {[%emt 0:00:06]}
21. Rfd1 {[%emt 0:00:08]} a5 {[%emt 0:00:14]} 22. Nxe4 {[%emt 0:00:09]} Nxe4
{[%emt 0:00:00]} 23. Bf3 { [%emt 0:00:03]} f5 {[%emt 0:00:04]} 24. Bc7 {[%emt
0:00:43]} Rdc8 {[%emt 0:00:07]} 25. Rac1 {[%emt 0:00:31]} a4 {[%emt 0:00:36]}
26. g4 {[%emt 0:00:28]} Nh4 {[%emt 0:00:49]} 27. Bh1 {[%emt 0:01:15]} a3 {[%emt
0:00:25]} 28. b3 {[%emt 0:00:27]} Nc3 {[%emt 0:00:08] Sued-W1001 offers a draw}
29. Bxa8 {[%emt 0:00:42]} Rxa8 {[%emt 0:00:38]} 30. Rxc3 {[%emt 0:00:53]} bxc3
{[%emt 0:00:05]} 31. gxf5 {[%emt 0:00:20]} Rc8 {[%emt 0:00:07]} 32. Rd8+ {[%emt
0:00:36]} Rxd8 {[%emt 0:00:05]} 33. Bxd8 {[%emt 0:00:00]} c2 {[%emt 0:00:01]}
34. Bg5 {[%emt 0:00:01]} Nf3+ {[%emt 0:00:01]} 35. Kf1 {[%emt 0:00:06]} Nxg5
{[%emt 0:00:00]} 36. Ke2 { [%emt 0:00:01] Nuernberg001 resigns} 0-1

[Event "DSJ Weihnachtsturnier U16: Steinitz 2020"]
[Site ""]
[Date "2020.12.28"]
[Round "2"]
[White "Rose, Daniel"]
[Black "Weinmann, Benedict"]
[Result "1-0"]
[Termination "normal"]
[Board "8.2"]
[WhiteElo "1816"]
[BlackElo "1165"]
[WhiteTeam "SV Königsjäger Süd-West"]
[BlackTeam "SK Nürnberg 1911"]
[PlyCount "58"]
[WhiteFideId "16242963"]
[BlackFideId "34601937"]
[EventRounds "7"]
[EventType "team-swiss"]
[EventDate "2020.12.28"]

1. d4 {[%emt 0:00:04]} d5 {[%emt 0:00:07]} 2. c4 {[%emt 0:00:05]} dxc4 { [%emt
0:00:05]} 3. e4 {[%emt 0:00:07]} f5 {[%emt 0:00:10]} 4. e5 {[%emt 0:00:07]} e6
{[%emt 0:00:08]} 5. Bxc4 {[%emt 0:00:04]} Nc6 {[%emt 0:00:04]} 6. Nf3 { [%emt
0:00:04]} Bb4+ {[%emt 0:00:05]} 7. Nc3 {[%emt 0:00:04]} Bd7 {[%emt 0:00:10]} 8.
a3 {[%emt 0:00:06]} Bxc3+ {[%emt 0:00:03]} 9. bxc3 {[%emt 0:00:01]} Qe7 {[%emt
0:00:16]} 10. Bg5 {[%emt 0:00:06]} Qf7 {[%emt 0:00:14]} 11. O-O { [%emt
0:00:29]} h6 {[%emt 0:00:06]} 12. Bd2 {[%emt 0:00:14]} O-O-O {[%emt 0:00:06]}
13. Rb1 {[%emt 0:00:31]} Kb8 {[%emt 0:00:17]} 14. Ba6 {[%emt 0:00:47]} b6
{[%emt 0:00:20]} 15. Bb5 {[%emt 0:00:04]} Na5 {[%emt 0:00:33]} 16. c4 {[%emt
0:00:10]} Bxb5 {[%emt 0:00:06]} 17. cxb5 {[%emt 0:00:53]} Nb7 {[%emt 0:00:18]}
18. Ne1 {[%emt 0:00:22]} Rxd4 {[%emt 0:00:20]} 19. Nc2 {[%emt 0:00:01]} Rd8 {
[%emt 0:00:12]} 20. Nb4 {[%emt 0:00:01]} Ne7 {[%emt 0:00:14]} 21. Qc2 {[%emt
0:00:10]} Rc8 {[%emt 0:00:32]} 22. Na6+ {[%emt 0:00:03]} Ka8 {[%emt 0:00:04]}
23. Nxc7+ {[%emt 0:00:06]} Kb8 {[%emt 0:00:12]} 24. Na6+ {[%emt 0:00:09]} Ka8 {
[%emt 0:00:02]} 25. Qa4 {[%emt 0:00:02]} Nc5 {[%emt 0:00:13]} 26. Nxc5 { [%emt
0:00:05]} Rxc5 {[%emt 0:00:02]} 27. Be3 {[%emt 0:00:01]} Rxe5 {[%emt 0:00:11]}
28. Bxb6 {[%emt 0:00:02]} Kb7 {[%emt 0:00:03]} 29. Qxa7+ {[%emt 0:00:03]} Kc8
{[%emt 0:00:02]} 1-0

[Event "DSJ Weihnachtsturnier U16: Steinitz 2020"]
[Site ""]
[Date "2020.12.28"]
[Round "2"]
[White "Heemann, Jonas"]
[Black "Abed, Karim"]
[Result "0-1"]
[Termination "normal"]
[Board "8.3"]
[WhiteElo "998"]
[BlackElo "1626"]
[WhiteTeam "SK Nürnberg 1911"]
[BlackTeam "SV Königsjäger Süd-West"]
[PlyCount "94"]
[WhiteFideId "34686975"]
[BlackFideId "16242785"]
[EventRounds "7"]
[EventType "team-swiss"]
[EventDate "2020.12.28"]

1. e4 {[%emt 0:00:17]} c5 {[%emt 0:00:03]} 2. b3 {[%emt 0:00:09]} d6 {[%emt
0:00:08]} 3. Bb2 {[%emt 0:00:05]} Nc6 {[%emt 0:00:01]} 4. c3 {[%emt 0:00:07]}
g6 {[%emt 0:00:06]} 5. d4 {[%emt 0:00:03]} cxd4 {[%emt 0:00:04]} 6. cxd4 {[%emt
0:00:03]} Bg7 {[%emt 0:00:01]} 7. Nf3 {[%emt 0:00:07]} Nf6 {[%emt 0:00:09]} 8.
d5 {[%emt 0:00:36]} Nb4 {[%emt 0:00:33]} 9. Qd2 {[%emt 0:00:49]} a5 {[%emt
0:00:22]} 10. Bd3 {[%emt 0:00:15]} O-O {[%emt 0:00:08]} 11. Nc3 {[%emt
0:00:11]} Bg4 {[%emt 0:00:09]} 12. Qe3 {[%emt 0:00:14]} Rc8 {[%emt 0:00:41]}
13. h3 {[%emt 0:00:12]} Bxf3 {[%emt 0:00:27]} 14. Qxf3 {[%emt 0:00:04]} Nfxd5
{[%emt 0:00:23]} 15. Nxd5 {[%emt 0:00:44]} Bxb2 {[%emt 0:00:03]} 16. Nxb4
{[%emt 0:00:03]} Bxa1 {[%emt 0:00:07]} 17. O-O {[%emt 0:00:02]} axb4 {[%emt
0:00:17]} 18. Rxa1 { [%emt 0:00:03]} Rc3 {[%emt 0:00:05]} 19. Qe2 {[%emt
0:00:10]} Qc7 {[%emt 0:00:12]} 20. Rf1 {[%emt 0:00:17]} Ra8 {[%emt 0:00:09]}
21. Qb2 {[%emt 0:00:08]} Rxd3 {[%emt 0:00:00]} 22. Rc1 {[%emt 0:00:10]} Rc3
{[%emt 0:00:19]} 23. Rxc3 { [%emt 0:00:05]} bxc3 {[%emt 0:00:01]} 24. Qc2
{[%emt 0:00:07]} Rxa2 {[%emt 0:00:04]} 25. Qxa2 {[%emt 0:00:12]} c2 {[%emt
0:00:01]} 26. Qa8+ {[%emt 0:00:04]} Kg7 {[%emt 0:00:02]} 27. Qa1+ {[%emt
0:00:03]} e5 {[%emt 0:00:09]} 28. Qc1 { [%emt 0:00:10]} Qc3 {[%emt 0:00:03]}
29. Kf1 {[%emt 0:00:06] Nuernberg003 reconnected.} Qxb3 {[%emt 0:00:51]} 30.
Ke2 {[%emt 0:00:03]} Qc3 {[%emt 0:00:06]} 31. g3 {[%emt 0:00:18]} b5 {[%emt
0:00:02]} 32. f4 {[%emt 0:00:14]} b4 { [%emt 0:00:02]} 33. fxe5 {[%emt
0:00:04]} dxe5 {[%emt 0:00:00]} 34. Qd2 { [%emt 0:00:07]} Qxd2+ {[%emt
0:00:03]} 35. Kxd2 {[%emt 0:00:01]} b3 {[%emt 0:00:01]} 36. Kc1 {[%emt
0:00:01]} f5 {[%emt 0:00:02]} 37. exf5 {[%emt 0:00:02]} gxf5 {[%emt 0:00:00]}
38. Kb2 {[%emt 0:00:02]} f4 {[%emt 0:00:02]} 39. gxf4 { [%emt 0:00:02]} exf4
{[%emt 0:00:00]} 40. h4 {[%emt 0:00:02]} f3 {[%emt 0:00:01]} 41. h5 {[%emt
0:00:01]} f2 {[%emt 0:00:01]} 42. h6+ {[%emt 0:00:00]} Kxh6 {[%emt 0:00:03]}
43. Ka3 {[%emt 0:00:11]} c1=Q+ {[%emt 0:00:03]} 44. Ka4 { [%emt 0:00:02]} b2
{[%emt 0:00:03]} 45. Kb4 {[%emt 0:00:27]} b1=Q+ {[%emt 0:00:00]} 46. Ka4 {[%emt
0:00:04]} Qc4+ {[%emt 0:00:02]} 47. Ka5 {[%emt 0:00:04]} Qca2# {[%emt 0:00:00]}
0-1

[Event "DSJ Weihnachtsturnier U16: Steinitz 2020"]
[Site ""]
[Date "2020.12.28"]
[Round "2"]
[White "Gavrylyuk, Oleksandr"]
[Black "Wunsch, Louis"]
[Result "0-1"]
[Termination "normal"]
[Board "9.1"]
[WhiteElo "1030"]
[BlackElo "1649"]
[WhiteTeam "TuS Makkabi Rostock 3"]
[BlackTeam "SG Rochade Kuppenheim 1979"]
[PlyCount "50"]
[WhiteFideId "34609083"]
[BlackFideId "34635777"]
[EventRounds "7"]
[EventType "team-swiss"]
[EventDate "2020.12.28"]

1. e4 {[%emt 0:00:25]} c6 {[%emt 0:00:03]} 2. Nf3 {[%emt 0:00:04]} d5 {[%emt
0:00:05]} 3. exd5 {[%emt 0:00:07]} cxd5 {[%emt 0:00:00]} 4. Bb5+ {[%emt
0:00:02]} Bd7 {[%emt 0:00:07]} 5. Bxd7+ {[%emt 0:00:07]} Nxd7 {[%emt 0:00:21]}
6. O-O { [%emt 0:00:07]} Ngf6 {[%emt 0:00:06]} 7. c3 {[%emt 0:00:03]} e6 {[%emt
0:00:12] } 8. d4 {[%emt 0:00:05]} Bd6 {[%emt 0:00:04]} 9. Re1 {[%emt 0:00:20]}
O-O { [%emt 0:01:00]} 10. Nbd2 {[%emt 0:00:12]} Qc7 {[%emt 0:00:20]} 11. Nf1 {
[%emt 0:00:04]} Ne4 {[%emt 0:00:10]} 12. Ng3 {[%emt 0:00:22]} Ndf6 {[%emt
0:00:18]} 13. Nxe4 {[%emt 0:00:22]} Nxe4 {[%emt 0:00:00]} 14. h3 {[%emt
0:00:06]} h6 {[%emt 0:00:38]} 15. Nd2 {[%emt 0:00:29]} f5 {[%emt 0:00:13]} 16.
Nxe4 { [%emt 0:00:28]} fxe4 {[%emt 0:00:00]} 17. Qg4 {[%emt 0:00:19]} Rf6
{[%emt 0:00:31]} 18. Re3 {[%emt 0:00:43]} Raf8 {[%emt 0:00:30]} 19. Re2 {[%emt
0:00:16]} Qf7 {[%emt 0:00:14]} 20. Be3 {[%emt 0:00:16]} Rg6 {[%emt 0:00:32]}
21. Qh4 { [%emt 0:00:38]} Qf3 {[%emt 0:00:19]} 22. g4 {[%emt 0:01:26]} Qxe2
{[%emt 0:00:36]} 23. Qh5 {[%emt 0:00:13]} Rgf6 {[%emt 0:00:26]} 24. Rf1 {[%emt
0:00:16]} Bf4 {[%emt 0:00:36]} 25. Bxf4 {[%emt 0:00:11]} Rxf4 {[%emt 0:00:04]}
0-1